00628nam a2200169Ia 4500008004100000020001800041041000800059082001600067100002000083245013600103250000600239260004100245300001300286650001500299999001900314952012500333210716s2010 xx 000 0 und d a9788126523887 aeng a658.84 PERC aPerlman, Corey. aEboot camp:proven internet marketing techniques to grow your business.bProven internet marketing techniques to grow your business. a1 aNew DelhibWiley India Pvt Ltdc2010 axxii,183 aE-Commerce c206978d206978 001040708MBAaAIMITbAIMITd2011-11-15g345.00l0o658.84 PERCpMBA09544r2026-05-23 00:00:00v258.75w2021-07-16yBK